Worterbuch Immobilien-Wirtschaft | Real estate dictionary (Record no. 104741)

MARC details
000 -LEADER
fixed length control field 00996cam a2200265 4500
001 - CONTROL NUMBER
control field ##L131394
008 - FIXED-LENGTH DATA ELEMENTS--GENERAL INFORMATION
fixed length control field 051028n2005 000 0 eng u
020 ## - INTERNATIONAL STANDARD BOOK NUMBER
International Standard Book Number 3980582485
035 ## - SYSTEM CONTROL NUMBER
System control number (Sirsi) u131394
041 1# - LANGUAGE CODE
Language code of text/sound track or separate title ger
-- eng
050 04 - LIBRARY OF CONGRESS CALL NUMBER
Classification number 333.3303 $2 18
100 1# - MAIN ENTRY--PERSONAL NAME
Personal name Schulte, Karl-Werner
245 00 - TITLE STATEMENT
Title Worterbuch Immobilien-Wirtschaft
Remainder of title Englisch - Deutsch, Deutsch-Englisch
Title Real estate dictionary
Remainder of title English-German, German-English
260 ## - PUBLICATION, DISTRIBUTION, ETC.
Place of publication, distribution, etc. Wiesbaden
Name of publisher, distributor, etc. Immobilien Zeitung
Date of publication, distribution, etc. 2005
300 ## - PHYSICAL DESCRIPTION
Extent ca. 600p.
Dimensions 20cm.
350 ## - PRICE (NR) (BK AM CF MU VM SE) [OBSOLETE]
Price 43.50
520 ## - SUMMARY, ETC.
Summary, etc. German and English dictionary intended as a tool for German-speaking real estate professionals and for property professionals active in German-speaking countries needing to explain the specific terminologies, methods and practices of the German and Austrian systems.
690 ## - LOCAL SUBJECT ADDED ENTRY--TOPICAL TERM (OCLC, RLIN)
Topical term or geographic name as entry element PROPERTY
700 1# - ADDED ENTRY--PERSONAL NAME
Personal name Lee, Anthony
700 1# - ADDED ENTRY--PERSONAL NAME
Personal name Paul, Eduard
700 1# - ADDED ENTRY--PERSONAL NAME
Personal name Gier, Sonja
700 1# - ADDED ENTRY--PERSONAL NAME
Personal name Evans, Alec H.
942 ## - ADDED ENTRY ELEMENTS (KOHA)
Suppress in OPAC 0
Holdings
Withdrawn status Lost status Source of classification or shelving scheme Damaged status Not for loan Home library Current library Shelving location Date acquired Cost, normal purchase price Total Checkouts Full call number Barcode Date last seen Copy number Cost, replacement price Price effective from Koha item type
    Dewey Decimal Classification     London London Books 05/12/2005 43.50   333.3303 SCH 30071435 06/08/2019 1 43.50 06/08/2019 Reference material